000 00839nam a2200205Ia 4500
003 OSt
005 20200818123910.0
008 191128s1980 ck fr 000 0 spa d
020 _a8482721194
040 _aCO-JMCR
_cCO-JMCR
041 0 _aspa
082 0 4 _a345.2 /
_bG993p
_223
100 1 _aGuzmán Díaz, Carlos Andrés,
_eautor
_98851
245 1 0 _aProcedimiento penal :
_baplicado /
_cCarlos A. Guzmán Díaz
260 _aBogotá :
_bTemis,
_c1980
300 _a575 páginas ;
_c23 cm.
505 0 _aAntecedentes históricos del código de procedimiento penal -- La ley penal -- De la Constitución Nacional -- Acción penal -- De la acción civil -- Jurisdicción y competencia -- Generalidades --Nombramiento dentro del proceso penal -- Recursos ordinarios
650 1 4 _aProcedimiento penal
_zColombia
_98846
942 _2ddc
_cBK
999 _c4426
_d4426